000 00492cam a2200145 4500500
005 20260405003314.0
041 _afre
042 _adc
100 1 0 _aKoller, Sylvie
_eauthor
245 0 0 _aAndré Kaspi, Barak Obama, la grande désillusion , Plon, 2012, 223 pages, 19 €
260 _c2013.
500 _a6
786 0 _nÉtudes | 418 | 1 | 2013-01-01 | p. XXVIII-XXVIII | 0014-1941
856 4 1 _uhttps://shs.cairn.info/revue-etudes-2013-1-page-XXVIII?lang=fr&redirect-ssocas=7080
999 _c2066306
_d2066306